000 00634nam a22001937a 4500
003 OSt
005 20250731024301.0
008 250731b |||||||| |||| 00| 0 eng d
020 _a9710489954
040 _aDWCL-Main lib
_cOC
082 _aFil. 658 C117m 2011
100 _aCabrera, Ma. Elenita B.
245 _aManagement advisory services :
_bCPA reviewer/
_cMa. Elenita B. Cabrera
260 _a Manila :
_bGIC Enterprises,
_cc2011.
300 _a[various pagings] ;
_c 23 cm
650 _a1. Accounting--Examination questions, etc.
650 _a2. Management--Problems, exercises, etc.
942 _2ddc
_cBK - FIL
_kFil.
_n0
999 _c3913
_d3913